000 00708na a2200229 4500
001 20333
003 MIRAKIL
005 20181213155039.0
008 170118b tu 000 0
040 _aMilas
_btur
_cTR-AnCHP
041 _atur
082 _a382.91
_bG95 1996
090 _a382.91 G95 1996
245 _aGümrük Birliği'nin Türk işgücü piyasası üzerindeki muhtemel etkileri
_cEkonomi Forumu
260 _aİstanbul
_bFES
_c1996
300 _a44 s.
_c23 sm.
650 _aİşgücü piyasası
_xUluslararası ekonomi
_yTahminler
650 _aGümrük Birliği
_xİşgücü
_yEkonomik etkiler
710 _aFriedrich Ebert Vakfı (FES)
710 _aEkonomi Forumu
942 _2dcc
_cBKS
999 _c5519
_d5519